The college of agriculture: (Record no. 330)
[ view plain ]
| 000 -LEADER | |
|---|---|
| fixed length control field | 00812nam a22002297a 4500 |
| 001 - CONTROL NUMBER | |
| control field | BD-DhSAU 330 |
| 003 - CONTROL NUMBER IDENTIFIER | |
| control field | BD-DhSAU |
| 005 - DATE AND TIME OF LATEST TRANSACTION | |
| control field | 20141209013635.0 |
| 008 - FIXED-LENGTH DATA ELEMENTS--GENERAL INFORMATION | |
| fixed length control field | 141208b1966 us a|||| |||| 001 0 eng d |
| 040 ## - CATALOGING SOURCE | |
| Transcribing agency | BD-DhSAU |
| 082 ## - DEWEY DECIMAL CLASSIFICATION NUMBER | |
| Edition number | 22 |
| Classification number | 630 |
| Item number | KEC |
| 100 ## - MAIN ENTRY--PERSONAL NAME | |
| Personal name | Kellogg, Charles E. |
| 245 ## - TITLE STATEMENT | |
| Title | The college of agriculture: |
| Remainder of title | science in the public service / |
| Statement of responsibility, etc. | Charles E. Kellogg and David C. Knapp. |
| 260 ## - PUBLICATION, DISTRIBUTION, ETC. (IMPRINT) | |
| Place of publication, distribution, etc. | New York : |
| Name of publisher, distributor, etc. | McGraw-Hill, |
| Date of publication, distribution, etc. | 1966. |
| 300 ## - PHYSICAL DESCRIPTION | |
| Extent | xvi, 237 p. : |
| Dimensions | ill. ; |
| Other physical details | 21 cm. |
| 504 ## - BIBLIOGRAPHY, ETC. NOTE | |
| Bibliography, etc | Includes bibliography. |
| 590 ## - Name of Cataloguer | |
| Name of Cataloger | Md. Sirajul Islam. |
| 650 ## - SUBJECT ADDED ENTRY--TOPICAL TERM | |
| Topical term or geographic name as entry element | Agricultural colleges--United States. |
| 650 ## - SUBJECT ADDED ENTRY--TOPICAL TERM | |
| Topical term or geographic name as entry element | Agronomy. |
| 700 ## - ADDED ENTRY--PERSONAL NAME | |
| Personal name | Knapp, David C. |
| 856 ## - ELECTRONIC LOCATION AND ACCESS | |
| Uniform Resource Identifier | <a href="http://catalog.loc.gov/vwebv/holdingsInfo?searchId=1525&recCount=25&recPointer=0&bibId=6120608">http://catalog.loc.gov/vwebv/holdingsInfo?searchId=1525&recCount=25&recPointer=0&bibId=6120608</a> |
| 942 ## - ADDED ENTRY ELEMENTS (KOHA) | |
| Source of classification or shelving scheme | Dewey Decimal Classification |
| Koha item type | Book |
| Withdrawn status | Lost status | Source of classification or shelving scheme | Damaged status | Not for loan | Home library | Branch Name | Shelving location | Date acquired | Total Checkouts | Full call number | Barcode | Date last seen | Price effective from | Koha item type | Collection code |
|---|---|---|---|---|---|---|---|---|---|---|---|---|---|---|---|
| Dewey Decimal Classification | SAU Library | SAU Library | General Stacks | 27/12/1980 | 630 KEC | 7029 | 08/12/2014 | 08/12/2014 | Book | ||||||
| Dewey Decimal Classification | Not For Loan | SAU Library | SAU Library | Reference | 26/08/1980 | 630 KEC | 5993 | 21/05/2015 | 21/05/2015 | Book | Reference |
